00845cam a22002537a 4500003000500000005001700005008004100022010001000063011001000073035001000083040000900093100003400102245016900136260006500305300003600370500002000406650001900426650002200445650001200467650003100479650002500510700003200535700002400567CHAP20220329142504.0010613d2000 mx abd r 00110 spa d a84191 a85163 a95694 cCHAP00aCarrillo Ramírez, Humberto.10aManual para el establecimiento de plantaciones comerciales con híbridos de cocoteroc/por Humberto Carrillo Ramírez, Matilde Cortazar Ríos y Jaime Piña Razo aChetumal, Q.R. :bINIFAP. Campo Experimental Chetumal,c2000 a26 p. :bilus. ; mapa ; cuadros aEn bodega c.4-514aArboricultura.14aCocoxHíbridos.14aPalmas.14aPlantación de árboles.14aPlantas oleaginosas.00aCortázar Ríos, Matilde.00aPiña Razo, Jaime.